| 000 | 01222nam a2200337 i 4500 | ||
|---|---|---|---|
| 001 | bg | ||
| 003 | BPK | ||
| 005 | 20200211131754.0 | ||
| 008 | 990708s1995 pl a f f |000 0 pol | ||
| 015 | _aPB 1999/10752 | ||
| 020 | _a8385137866 | ||
| 040 |
_aWA N _cBPK |
||
| 041 | 1 |
_apol _heng |
|
| 080 | _a004.738.5 | ||
| 080 | _a(07) | ||
| 100 | 1 | _aCady, Glee Harrah. | |
| 245 | 1 | 0 |
_aInternet : _bod podstaw do mistrzostwa. _nT. 2 / _cGlee Harrah Cady, Pat McGregor ; z ang. przeł. Bogdan Krzymowski, Robert Filimonowicz ; [Dodatek B oprac. Przemysław Gamdzyk]. |
| 246 | 1 |
_iTyt. oryg.: _aMastering the Internet, _f1996. |
|
| 260 |
_aWarszawa : _b"Help", _c1995. |
||
| 300 |
_a352 s. : _brys. ; _c24 cm. + _edyskietka. |
||
| 500 | _aTyt. oryg.: Mastering the Internet, 1995. | ||
| 521 | 8 | _aDla początkujących i zaawansowanych. | |
| 650 | 4 | _aInternet | |
| 655 | 4 | _aPodręcznik | |
| 700 | 1 | _aMcGregor, Pat. | |
| 700 | 1 |
_aGamdzyk, Przemysław. _eOprac. |
|
| 700 | 1 |
_aKrzymowski, Bogdan. _eTł. |
|
| 700 | 1 |
_aFilimonowicz, Robert _eTłumaczenie |
|
| 856 |
_uhttp://koha.tu.koszalin.pl/cgi-bin/koha/opac-detail.pl?biblionumber=10356 _yKatalog online BPK |
||
| 942 |
_2UKD _cKS |
||
| 999 |
_c10356 _d10356 |
||